000 00698nam a22002417a 4500
003 DO-SdBNP
005 20180130104449.0
008 151012b 2005 ag |||| 00| 0 spa d
020 _a9789870401100
040 _aBPMSU
_bspa
_cBPMSU
082 _aAr863.44
_bSch79v
100 1 _aSchujer, Silvia
245 1 4 _aLas visitas /
_cSilvia Shujer ; ilustración Pablo Bernasconi
250 _a3a ed.
260 _aBuenos Aires, Argentina :
_bAlfaguara,
_c2005.
300 _a94 p. ;
_c20 cm.
490 1 _aAlfaguara juvenil
700 1 _aBernasconi, Pablo,
_eil.
830 0 _aAlfaguara juvenil
942 _2ddc
_cBK
945 _aInventariado, 2018 / BT
956 _aBTAVÁREZ
_b10
_d20151012
_fBPMSU
_h0038
999 _c8363
_d8363